000 00338nam a2200145Ia 4500
008 191201s2005 xx 000 0 und d
082 _a005.133
_bSYJ
100 _aSYBEX
245 0 _aJAVA 2, J2SE 1.4 Complete
250 _a2nd
260 _aN.Delhi
_bBPB Publication
_c2005
300 _a1015
650 _aB.Tech(IT)
942 _2ddc
_cBK
999 _c3131
_d3131